Padres y profesores

Kaydedildi:
Detaylı Bibliyografya
Asıl Yazarlar: Lynch, James (autor), Pimlott, John (Yazar)
Materyal Türü: Kitap
Dil:İspanyolca
Baskı/Yayın Bilgisi: Madrid Anaya 1976
Seri Bilgileri:Ciencias de la Educación
Konular:
Etiketler: Etiketle
Etiket eklenmemiş, İlk siz ekleyin!

MARC

LEADER 00000nam a2200000 a 4500
001 UCU0643
003 CL-VaPUC
008 960322e19760000SP |||||||||||||||||spa|d
082 0 4 |a 370.193  |b LYN  |2 21 
100 |a Lynch, James  |e autor  |9 573181 
700 0 |a Pimlott, John  |e author  |9 355991 
245 1 0 |a Padres y profesores 
300 |a 141 p 
942 |c BK 
945 |d 19960322 00:00:00  |a paguirre 
260 |a Madrid  |b Anaya  |c 1976 
650 7 |a RELACIONES PADRES DOCENTES  |2 CL-VaPUC  |9 339338 
650 7 |a RELACIONES PADRES ESCUELA  |2 CL-VaPUC  |9 337206 
650 7 |a ORGANIZACIONES PADRES DOCENTES  |2 CL-VaPUC  |9 353285 
650 7 |a PARTICIPACION DE LOS PADRES  |2 CL-VaPUC  |9 355992 
650 7 |a PSICOSOCIOLOGIA EDUCACIONAL  |2 CL-VaPUC  |9 338387 
650 7 |a COMPORTAMIENTO DEL DOCENTE  |2 CL-VaPUC  |9 339293 
583 |a last modification  |c 19960322 00:00:00  |k Rodrigo Vera 
490 0 |a Ciencias de la Educación 
999 |c 245481  |d 245479 
952 |0 0  |1 0  |4 0  |6 370_193000000000000_LYN_1976  |7 0  |8 P  |9 259999  |a BIBEDU  |b BIBEDU  |c BIBEDU_PB  |d 2019-11-19  |i 1637258  |o 370.193 LYN 1976  |p 1637258  |r 2024-01-25  |w 2019-11-19  |y BK  |k EDU